000
00263nam a22001217a 4500
008
180927b xxu||||| |||| 00| 0 eng d
041
_a
eng
080
_a
370
100
_a
37
101
_a
EDU
245
_a
An Incomplete Education
_c
Jones.J
942
_2
udc
_c
BK
999
_c
48569
_d
48569